000 00281nam a22001217a 4500
003 SGT
082 _a150
_bP14J
100 _aJONES, STEVE
245 _aPSYCHOLOGY EXPRESS: RESEARCH METHODS IN PSYCHOLOGY
260 _aINDIA
_bPERSON
_c2014
300 _a197
942 _2ddc
_cBK
_045
999 _c15075
_d15075